Registers of Scotland 10 year property market report (Record no. 115147)

MARC details
000 -LEADER
fixed length control field 01129cam a22001935a 4500
001 - CONTROL NUMBER
control field L158108
008 - FIXED-LENGTH DATA ELEMENTS--GENERAL INFORMATION
fixed length control field 140611s2014 xxk f 000 0 eng d
035 ## - SYSTEM CONTROL NUMBER
System control number (Sirsi) u158108
041 0# - LANGUAGE CODE
Language code of text/sound track or separate title eng
110 2# - MAIN ENTRY--CORPORATE NAME
Corporate name or jurisdiction name as entry element Registers of Scotland
9 (RLIN) 5601
245 00 - TITLE STATEMENT
Title Registers of Scotland 10 year property market report
Remainder of title 2004-2014[electronic resource]
260 ## - PUBLICATION, DISTRIBUTION, ETC.
Place of publication, distribution, etc. Edinburgh
Date of publication, distribution, etc. Registers of Scotland
Name of publisher, distributor, etc. 2014
521 ## - TARGET AUDIENCE NOTE
Target audience note Reviews transactional and market data in the Scottish residential property market from 2004-2014. Provides a general overview of the residential market, an indepth view by house type, the high value residential property market, the city residential property market and general commercial activity. Annexes include data on average prices and transactional volume by local authority, average prices and transactions by city and a timeline of trends in the market in the 10 year period under review.
590 ## - LOCAL NOTE (RLIN)
Local note KA
651 #4 - SUBJECT ADDED ENTRY--GEOGRAPHIC NAME
Geographic name Scotland
690 ## - LOCAL SUBJECT ADDED ENTRY--TOPICAL TERM (OCLC, RLIN)
Topical term or geographic name as entry element Residential property
9 (RLIN) 6266
856 40 - ELECTRONIC LOCATION AND ACCESS
Uniform Resource Identifier <a href="https://www.ros.gov.uk/press_release/RoS10yearreport.pdf">https://www.ros.gov.uk/press_release/RoS10yearreport.pdf</a>
Public note View the item free of charge from the www.ros.gov.uk
942 ## - ADDED ENTRY ELEMENTS (KOHA)
Suppress in OPAC 0
Holdings
Withdrawn status Lost status Source of classification or shelving scheme Damaged status Not for loan Home library Current library Shelving location Date acquired Total Checkouts Full call number Barcode Date last seen Copy number Price effective from Koha item type
    Dewey Decimal Classification     Virtual Virtual Online 11/06/2014   ONLINE PUBLICATION 158108-2001 06/08/2019 1 06/08/2019 Book